History Quiz

Random History or Century Quiz

20th Century Events by Lego II Quiz Stats

 Plays Quiz Updated Apr 19, 2018

Challenge
Share
Tweet
Score 0/12 Timer 02:00
22 Plays Today
% Correct
Wedding of
Charles and Diana
97.3%
The Phantom Punch
96.9%
Iwo Jima
96.5%
Beatlemania
96.2%
Assassination of JFK
96.2%
Prohibition Era
95.1%
Yalta Conference
93.9%
D-Day
91.4%
Painting of American Gothic
91.1%
Vietnam War
90.7%
Hand of God
85.2%
Salt March
83%

You're not logged in!

Compare scores with friends on all Sporcle quizzes.
OR
Log In

You Might Also Like...

Show Comments

Extras

Top Quizzes Today


Score Distribution

Your Account Isn't Verified!

In order to create a playlist on Sporcle, you need to verify the email address you used during registration. Go to your Sporcle Settings to finish the process.

Report this User

Report this user for behavior that violates our Community Guidelines.

Details: